Смесь гидрореагирующая
| 団体著者: | |
|---|---|
| その他の著者: | , , |
| 要約: | опубл. 20.11.08 Патентуется гидрореагирующая смесь, включающая порошок алюминия и активирующую добавку, отличающаяся тем, что смесь содержит промышленный порошок алюминия АСД-1 и нанопорошок алюминия с размером частиц 70-120 нм, а в качестве активирующей добавки - гранулированный гидроксид натрия при следующем соотношении, мас.%: промышленный порошок "АСД-1" 67+79; нанопорошок алюминия 30+14; гидроксид натрия 3+7. В фонде НТБ ТПУ отсутствует |
| 言語: | ロシア語 |
| 出版事項: |
|
| 主題: | |
| フォーマット: | MixedMaterials 図書 |
| KOHA link: | https://koha.lib.tpu.ru/cgi-bin/koha/opac-detail.pl?biblionumber=597872 |
MARC
| LEADER | 00000nam0a2200000 4500 | ||
|---|---|---|---|
| 001 | 597872 | ||
| 005 | 20250205063154.0 | ||
| 029 | 1 | 0 | |a RU |b 2338684 |c Пат. |d МПК C 01 B 3/00 |d МПК B 22 F 9/20 |d МПК B 82 B 1/00 |
| 035 | |a (RuTPU)RU\TPU\tpu\21288 | ||
| 035 | |a RU\TPU\tpu\21287 | ||
| 039 | 0 | |a RU |b 2005122192/15 |c 20050713 | |
| 090 | |a 597872 | ||
| 100 | |a 20120521j20081120k y0rusy50 ca | ||
| 101 | 0 | |a rus | |
| 102 | |a RU | ||
| 105 | |a a k 000zy | ||
| 200 | 1 | |a Смесь гидрореагирующая |f А. П. Астанкова, А. Ю. Годымчук, А. П. Ильин |g Томский политехнический университет (ТПУ) | |
| 300 | |a опубл. 20.11.08 | ||
| 330 | |a Патентуется гидрореагирующая смесь, включающая порошок алюминия и активирующую добавку, отличающаяся тем, что смесь содержит промышленный порошок алюминия АСД-1 и нанопорошок алюминия с размером частиц 70-120 нм, а в качестве активирующей добавки - гранулированный гидроксид натрия при следующем соотношении, мас.%: промышленный порошок "АСД-1" 67+79; нанопорошок алюминия 30+14; гидроксид натрия 3+7. | ||
| 333 | |a В фонде НТБ ТПУ отсутствует | ||
| 610 | 1 | |a патенты | |
| 610 | 1 | |a труды учёных ТПУ | |
| 701 | 1 | |a Астанкова |b А. П. |c физик |c старший преподаватель, инженер-исследователь Томского политехнического университета, кандидат физико-математических наук |f 1984- |g Анна Петровна |3 (RuTPU)RU\TPU\pers\37599 | |
| 701 | 1 | |a Годымчук |b А. Ю. |c специалист в области нанотехнологий и наноматериалов |c доцент Томского политехнического университета, кандидат технических наук |f 1978- |g Анна Юрьевна |x TPU |y Томск |3 (RuTPU)RU\TPU\pers\26193 |4 070 |9 12001 | |
| 701 | 1 | |a Ильин |b А. П. |c химик |c профессор Томского политехнического университета, доктор физико-математических наук |f 1949- |g Александр Петрович |3 (RuTPU)RU\TPU\pers\25487 |4 070 | |
| 712 | 0 | 2 | |a Томский политехнический университет (ТПУ) |c (1991-2009) |3 (RuTPU)RU\TPU\col\376 |
| 801 | 1 | |a RU |b 63413507 |c 20120201 | |
| 801 | 2 | |a RU |b 63413507 |c 20200922 |g RCR | |
| 942 | |c BK | ||